Tilastot visalle Suomen jääkiekon MM-kultajoukkue 2022

Klikkaa tästä pelataksesi tätä visaa!

Yleistilastot

  • Tätä visaa on pelattu 234 kertaa
  • Keskiarvotulos 13 / 25

Vastaustilastot

HintVastaus% Oikein
hyökkääjäMarko Anttila
92%
hyökkääjäMIkael Granlund
81%
maalivahtiJussi Olkinuora
80%
hyökkääjäSakari Manninen
76%
maalivahtiHarri Säteri
72%
puolustajaMiro Heiskanen
72%
hyökkääjäHannes Björninen
66%
hyökkääjäValtteri Filppula
65%
hyökkääjäTeemu Hartikainen
63%
puolustajaEsa Lindell
61%
hyökkääjäHarri Pesonen
55%
hyökkääjäJoel Armia
51%
puolustajaSami Vatanen
51%
maalivahtiFrans Tuohimaa
50%
puolustajaMikko Lehtonen
50%
puolustajaAtte Ohtamaa
46%
puolustajaVille Pokka
42%
hyökkääjäJuho Lammikko
41%
hyökkääjäSaku Mäenalanen
41%
puolustajaNiklas Friman
37%
puolustajaMikael Seppälä
34%
hyökkääjäJere Sallinen
33%
hyökkääjäToni Rajala
33%
puolustajaJuuso Hietanen
31%
hyökkääjäJere Innala
28%

Tulosjakauma

Persentiili vastausten määrän mukaan

Jokaisen tuloksen saaneiden osuus

Tuloshistoriasi

Et ole pelannut tätä visaa